Les marchés de capitaux (notice n° 2188297)

détails MARC
000 -LEADER
fixed length control field 01254cam a2200133 4500500
005 - DATE AND TIME OF LATEST TRANSACTION
control field 20260405064452.0
041 ## - LANGUAGE CODE
Language code of text/sound track or separate title fre
042 ## - AUTHENTICATION CODE
Authentication code dc
100 10 - MAIN ENTRY--PERSONAL NAME
Personal name Marteau, Didier
Relator term author
245 00 - TITLE STATEMENT
Title Les marchés de capitaux
260 ## - PUBLICATION, DISTRIBUTION, ETC.
Name of publisher, distributor, etc. Dunod,<br/>
Date of publication, distribution, etc. 2021.<br/>
520 ## - SUMMARY, ETC.
Summary, etc. Comment financer les dépenses liées à la crise sanitaire ? Comment des taux d'intérêt ou le prix du pétrole peuvent-ils devenir négatifs ? Le plan de sauvetage de la Grèce a-t-il été efficace ? A-t-on tiré les leçons de la crise financière de 2007-2008 ? Peut-on « acheter » à terme de la température ? Pour répondre à ces questions, la nouvelle édition de cet ouvrage présente de manière rigoureuse les mécanismes monétaires, leurs articulations et le fonctionnement des marchés de capitaux. Elle permet ainsi de comprendre ce que sont les marchés et d'analyser les aspects monétaires et financiers de la crise actuelle. Chaque chapitre est constitué : d’un cours structuré, assorti de nombreuses figures ; d’une rubrique L’essentiel pour retenir les points clés ; d’un QCM pour s’évaluer, avec son corrigé détaillé.
856 41 - ELECTRONIC LOCATION AND ACCESS
Uniform Resource Identifier <a href="https://shs.cairn.info/les-marches-de-capitaux--9782100820023?lang=fr&redirect-ssocas=7080">https://shs.cairn.info/les-marches-de-capitaux--9782100820023?lang=fr&redirect-ssocas=7080</a>

Pas d'exemplaire disponible.

PLUDOC

PLUDOC est la plateforme unique et centralisée de gestion des bibliothèques physiques et numériques de Guinée administré par le CEDUST. Elle est la plus grande base de données de ressources documentaires pour les Étudiants, Enseignants chercheurs et Chercheurs de Guinée.

Adresse

627 919 101/664 919 101

25 boulevard du commerce
Kaloum, Conakry, Guinée

Réseaux sociaux

Powered by Netsen Group @ 2025